000
00214nam a22000857a 4500
008
161202b xxu||||| |||| 00| 0 eng d
100
_9
1787
_a
Verma.S.etal
245
_a
Mathematics-VIII
260
_a
New delhi
_b
Prachi
_c
2010
999
_c
4495
_d
4495